| 000 | 00451nam a2200193Ia 4500 | ||
|---|---|---|---|
| 003 | GCL | ||
| 008 | 140319s9999 xx 000 0 eng d | ||
| 040 |
_aGCL / _cGCL |
||
| 082 | 0 | 4 |
_a425 _bE B |
| 100 | 1 | _aEDWARD | |
| 245 | 1 | 0 |
_aBASIC ENGLISH / _cEDWARD |
| 700 | 1 | _aREDMAYNE, JOAN | |
| 260 |
_a[S.N] : _bMac Millan Press ، _c1982 |
||
| 300 | _a128 P | ||
| 650 | 0 | 4 | _aEDUCATION |
| 650 | 0 | 4 | _aENGLISH |
| 650 | 0 | 4 | _aBASIC ENGLISH |
| 942 |
_2ddc _cBK |
||
| 999 |
_c24604 _d24604 |
||